USMLE: Step 1 (Record no. 96)

000 -LEADER
fixed length control field 01190nam a22003257a 4500
003 - CONTROL NUMBER IDENTIFIER
control field OSt
005 - DATE AND TIME OF LATEST TRANSACTION
control field 20210414082749.0
008 - FIXED-LENGTH DATA ELEMENTS--GENERAL INFORMATION
fixed length control field 201110s2019 ||||| |||| 00| 0 eng d
020 ## - INTERNATIONAL STANDARD BOOK NUMBER
International Standard Book Number 9781506236483
040 ## - CATALOGING SOURCE
Original cataloging agency eng
Transcribing agency DLC
041 ## - LANGUAGE CODE
Language code of text/sound track or separate title eng
080 ## - UNIVERSAL DECIMAL CLASSIFICATION NUMBER
Universal Decimal Classification number 15
Item number K-20
245 ## - TITLE STATEMENT
Title USMLE: Step 1
Remainder of title Lecture notes 2019, Behavioral Science and Social Sciences
Statement of responsibility, etc. / by Kaplan Medical : Edited by Alice Akunyili, MD, Alina Gonzalez-Mayo, MD, Mark Tyler-Lloyd, MD, MPH, Ted A. James, MD, MS, FACS
260 ## - PUBLICATION, DISTRIBUTION, ETC.
Place of publication, distribution, etc. New York
Name of publisher, distributor, etc. Kaplan Medical
Date of publication, distribution, etc. 2019
300 ## - PHYSICAL DESCRIPTION
Extent 201 pages
650 #0 - SUBJECT ADDED ENTRY--TOPICAL TERM
9 (RLIN) 69
Topical term or geographic name entry element Medicine
650 #0 - SUBJECT ADDED ENTRY--TOPICAL TERM
9 (RLIN) 135
Topical term or geographic name entry element Behavioral Science
650 #0 - SUBJECT ADDED ENTRY--TOPICAL TERM
9 (RLIN) 136
Topical term or geographic name entry element Social Sciences
650 #0 - SUBJECT ADDED ENTRY--TOPICAL TERM
9 (RLIN) 134
Topical term or geographic name entry element Psychology
650 #0 - SUBJECT ADDED ENTRY--TOPICAL TERM
9 (RLIN) 72
Topical term or geographic name entry element USMLE STEP 1
653 ## - INDEX TERM--UNCONTROLLED
Uncontrolled term მედიცინა
653 ## - INDEX TERM--UNCONTROLLED
Uncontrolled term ქცევის შემსწავლელი მეცნიერებები
653 ## - INDEX TERM--UNCONTROLLED
Uncontrolled term სოციალური მეცნიერებები
653 ## - INDEX TERM--UNCONTROLLED
Uncontrolled term ფსიქოლოგია
700 ## - ADDED ENTRY--PERSONAL NAME
9 (RLIN) 13
Personal name Akunyili, Alice, MD
710 ## - ADDED ENTRY--CORPORATE NAME
9 (RLIN) 14
Corporate name or jurisdiction name as entry element Gonzalez-Mayo, Alina, MD
711 ## - ADDED ENTRY--MEETING NAME
9 (RLIN) 15
Meeting name or jurisdiction name as entry element Tyler-Lloyd, Mark, MD, MPH
720 ## - ADDED ENTRY--UNCONTROLLED NAME
Name James, A. Ted, MD, MS, FACS
942 ## - ADDED ENTRY ELEMENTS (KOHA)
Source of classification or shelving scheme
Koha item type Books
Holdings
Withdrawn status Lost status Source of classification or shelving scheme Damaged status Not for loan Permanent location Current location Date acquired Inventory number Full call number Barcode Date last seen Price effective from Koha item type
          Ken Walker International University Ken Walker International University 11/10/2020 45 15 K-20 45 11/10/2020 11/10/2020 Books

Powered by Koha